000 00648pam a2200181 a 4500
020 _a0471123242 (cloth : alk. paper)
082 0 0 _a624.1/71
_bFEL
_cL-NUST L.P.
100 1 _aFelton, Lewis P.
_942761
245 1 0 _aMatrix structural analysis /
_cLewis P. Felton, Richard B. Nelson.
260 _aNew York :
_bJ. Wiley,
_cc1997.
300 _axix, 700 p. :
_bill. ;
_c26 cm.
526 _a0
_b0
_c0
_d624_171000000000000_FEL
650 _aNUST
_96342
700 1 _aNelson, Richard B.
_942762
856 4 _uhttp://www.loc.gov/catdir/toc/onix04/96019454.html
856 4 2 _uhttp://www.loc.gov/catdir/description/wiley037/96019454.html
942 _2ddc
_cBK
999 _c546605
_d546605